| 000 | 00637nam a2200253 a 4500 | ||
|---|---|---|---|
| 001 | 36769 | ||
| 003 | AR-BaAGN | ||
| 005 | 20231223063305.0 | ||
| 007 | ta | ||
| 008 | 220625s2010 ag |||||r|||| ||||||spa d | ||
| 020 | _a978-987-24942-1-6 | ||
| 040 |
_dAR-BaAGN _aAR-BaAGN _bspa _eaacr |
||
| 100 | 1 |
_aQuesada, Ernesto _d1858-1934 _96601 |
|
| 245 | 1 | 0 | _aDos novelas sociológicas |
| 250 | _a1ª ed. | ||
| 260 |
_aBuenos Aires : _bUrbanita, _c2010. |
||
| 300 | _a144 páginas | ||
| 336 |
_2rdacontent _btxt |
||
| 337 |
_2rdamedia _bn |
||
| 338 |
_2rdacarrier _bnc |
||
| 650 | 4 |
_aSOCIOLOGÍA _91987 |
|
| 942 | _cLIBRO | ||
| 999 |
_c36769 _d36769 |
||